000 00256nam a22001097a 4500
008 170125b xxu||||| |||| 00| 0 eng d
020 _a9780766862869
041 _aeng
080 _27TH
_a618.2
245 _aDOSAGE CALCULATIONS
_cPICKER, G.D
942 _2udc
_cBK
999 _c3608
_d3608